Statistics for All The Good Girls Go To Hell - Billie Eilish - All Lyrics

Click here to take the quiz!

General Stats

  • This quiz has been taken 65 times
  • The average score is 176 of 221

Answer Stats

Answer% Correct
a
100%
the
100%
All
98%
(All
98%
go
98%
good
98%
Hell
98%
Hell)
98%
to
98%
girls
96%
I
96%
ya
94%
an
93%
Devil
93%
My
93%
on
93%
enemies
91%
even
91%
God
91%
(God
91%
god
91%
her
91%
is
91%
And
89%
has
89%
herself)
89%
herself
89%
once
89%
team
89%
lonely
87%
Lucifer
87%
you
87%
You
87%
'Cause
85%
in
85%
starts
85%
rise
83%
rise)
83%
there,
83%
want
83%
(Water
83%
water
83%
She’ll
81%
time
81%
California
80%
Don't
80%
Peter
80%
burn
78%
invitation
78%
open
78%
Standing
78%
vacation,
78%
but
76%
Can’t
76%
can't
76%
didn't
76%
'em
76%
ignore
76%
I'm
76%
say
76%
at
74%
crime
74%
friend
74%
killing
74%
know
74%
me
74%
anything
72%
Hills
72%
look
72%
Look
72%
not
72%
Peter’s
72%
them
72%
warn
72%
we
72%
your
72%
Your
72%
get
70%
of
70%
turn
70%
inside
69%
some
69%
commit
67%
evidence
67%
Got
67%
Heaven's
67%
him?
67%
needing
67%
out
67%
why
67%
Animals,
65%
are
65%
better
65%
invite
65%
sight
65%
without
65%
like
63%
now
63%
now,
63%
saving
63%
should
63%
such
63%
fool,
61%
for
61%
friends
61%
greenery
61%
Man
61%
fence,
59%
help,
59%
left
59%
nothing
59%
There’s
59%
up
59%
Walk
59%
wow
59%
begging
57%
cover
56%
gonna
56%
caving
54%
Gates
54%
more
54%
our
54%
Pearly
54%
themselves
54%
save
52%
wearin'
52%
picket
50%
owe
46%
Poisoning
46%
fetters
35%

Score Distribution

Percentile by Number Answered

Percent of People with Each Score

Your Score History

You have not taken this quiz